| 000 | 01108nam a2200301 4500 | ||
|---|---|---|---|
| 001 | 28824 | ||
| 003 | BD-RjUL | ||
| 005 | 20211209051332.0 | ||
| 008 | 820221s1964 nyu 000 0 eng d | ||
| 035 | _a(BD-RjUL) | ||
| 035 | _a(OCoLC)14598147 | ||
| 040 |
_aDLC _cDNLM _dOKentU _dTNJ _dBD-RjUL _beng |
||
| 041 | _aeng | ||
| 060 | 0 |
_aW1 _bPS236 no.1 1964 |
|
| 082 |
_a153.7 _bLEP 1964 |
||
| 100 | 1 |
_aLeary, Timothy, _d1920-1996. _988153 |
|
| 245 | 1 | 4 |
_aThe psychedelic experience : _ba manual based on the Tibetan book of the dead / _cTimothy Leary [et al.] |
| 260 |
_aNew York : _bUniversity Books, _c1964 |
||
| 300 |
_a159 p.; _c24cm. |
||
| 500 | _aContains adaptation of the edition of the Bardo thödol translated by the Lama Kazi Dawa-Samdup, compiled and edited by W. Y. Evans-Wentz, and called the Tibetan book of the dead. | ||
| 650 | 0 |
_aHallucinations and illusions. _988155 |
|
| 650 | 0 |
_aHallucinogenic drugs. _988156 |
|
| 740 | 0 | _aBardo thödol. The Tibetan book of the dead | |
| 942 |
_2ddc _cBK |
||
| 999 |
_c28824 _d28824 |
||